000 00634cam a22002293a 4500
001 24374
003 PGUSA
005 20140828083524.0
008 080120s2008||||xxu|||||s|||||000 | eng d
040 _aPGUSA
_beng
042 _adc
050 4 _aCS
100 1 _aWeekley, Ernest,
_d1865-1954
245 1 4 _aThe Romance of Names
_h[electronic resource] /
_cErnest Weekley
260 _bProject Gutenberg,
_c2008
506 _aPublic domain in the USA.
516 _aElectronic text
653 _aNames, Personal -- English
830 0 _aProject Gutenberg
_v24374
856 4 0 _uhttp://www.gutenberg.org/ebooks/24374
942 _cEB
999 _c253629
_d253629